000 00961cam a22002411i 4500
003 SA-RiAUC
005 20251112121131.0
008 251109s1996 su g f00000 ara c
040 _aSA-MaUQU
_bara
_cSA-RiAUC
_erda
050 4 _b.I26 1996
082 0 4 _a213
_qSA-RiAUC
090 _a213
_bا ب ن ح
100 1 _aابن حميد، صالح بن عبد الله،
_d1369 هجري-
_eمؤلف.
245 1 0 _aمفهوم الحكمة في الدعوة /
_cتأليف صالح بن عبد الله بن حميد.
264 1 _aالرياض :
_bوزارة الشؤون الإسلامية والأوقاف والدعوة والإرشاد،
_c[1996]
300 _a64 صفحة ؛
_c21 سم
336 _aنص
_btxt
_2rdacontent
_3كتاب
337 _aبدون وسيط
_bn
_2rdamedia
338 _aمجلد
_bnc
_2rdacarrier
650 7 _aالدعوة الإسلامية
_2aucsh
942 _2ddc
_cBOOK
_n0
949 _aSA-JeALM
_d251109
_umohamedma123
_n1
999 _c13200
_d13200